00283nam a2200109Ia 4500008004100000041001200041100001600053245007600069260000600145650000600151700001600157221030s9999 xx 000 0 und d aEnglish aD. S. Yadav 0aMicrocontrollers : Features & Applicationscby D. S. Yadav, A. K. Singh c0 aB aA. K. Singh